00484nam a22001452 4500001001100000005001700011008004100028040001500069050001900084100004400103245008900147260003800236300001600274651004800290000000121220151217155808.0070227s xx 000 0 eng d aKABUcKABU 0aDT449b.K45E741 aFreeman-Grenville, G. S. P.@000014980914aThe French at Kilwa Island :ban episode in eighteenth-century East African history. aOxford :bClarendon Press,c1965. axvi, 243 p. 0aKilwa Kisiwani IslandxHistory.@0000149810